| 000 | 00895nam a22001935i 4500 | ||
|---|---|---|---|
| 001 | 168974 | ||
| 003 | ES-MaACL | ||
| 005 | 20250809063534.0 | ||
| 008 | 080710s1983 sp |||| | spa d | ||
| 080 | _a929-054.7(=1.460)"1936/1939" | ||
| 100 | 1 |
_aVilar, Juan Bautista, _d1941-2018 _9114797 |
|
| 245 | 1 | 3 |
_aLa última gran emigración política española _b: relación nominal de los militantes republicanos evacuados de Alicante por el buque inglés "Stanbrook" con destino a Orán en 28 de marzo de 1939 / _cJuan Bta. Vilar. |
| 260 |
_a[Murcia : _bUniversidad, _c1983] |
||
| 300 |
_aP. [273]-330 ; _c24 cm. |
||
| 595 | _aTirada aparte de: Cátedra de Historia Contemporánea (Universidad de Murcia), n. 2, 1983, p. 273-330. | ||
| 650 | 1 | 4 |
_aExiliados españoles- _y1936-1939. _912657 |
| 852 |
_aES-MaACL _j2232-F-15 _z- Dedicatoria autógrafa del autor |
||
| 999 |
_c168974 _d168974 |
||